Pourquoi crée t-on des quiz sur JetPunk ? (mort subite) - Statistiques

Statistiques générales
  • Ce quiz a été pris 170 fois
  • Le résultat moyen est 6 sur 16
Answers on the Grid
Answers color-coded by a green-red scale on the quiz's grid according to % correct below.
ça permet d'avoir au moins 4 abonnés : ses parents, son frère et sa soeur
ça permet d'aider les arbres et de les empêcher de finir en chaise percée
Ça rapporte 100000 euros par quiz ; ça vaut franchement le coup
Ça fait rire les oiseaux
Ça permet d’avoir zéro commentaire sur un quiz que l’on a mis 1 jour à faire, ce qui ne manque pas de flatter l’égo
ça occupe quand on est condamné à 141.078 années de prison
ça permet de ne pas créer plus de 10 quiz par jour quand on est en version gratuite et donc ça limite les addictions ; ce n'est pas plus mal car mon addiction à la banane est déjà suffisante
ça permet de voir d’autres quiz de façon aléatoire, ce qui fait que si on tombe sur quelqu’un qui en a déjà créé 1000, on est sûr de le revoir tous les jours. On devient donc addict et en ce qui me concerne, mon addiction à la banane augmente si les quiz sont faits par des hommes
Ça nous fout la honte quand on regarde le classement du jour car on n'est pas dedans vu qu'on est trop nul pour créer un quiz qui tient la route
Ça permet d’être fidèle car quand on crée un quiz en pleine rue, ça empêche de draguer et ça vaut mieux si on est déjà en trouple
Ça permet d’avoir un quiz étoilé après en avoir déjà créé 50000000 si on est nul ou si on ne couche pas avec l’un des administrateurs ou avec un membre de la communauté ou pas
Quand on a la chance d’être mis en valeur par de gentils modérateurs ou/et par de gentils membres de la communauté ou pas, ça permet aux quiz nuls de passer de O prise à 1 par an
Parce que
Quand on a la chance d’être mis en valeur par de gentils modérateurs ou/et par de gentils membres de la communauté ou pas, ça permet de passer très vite de 4 abonnés à 4 abonnés
Quand on a la chance d’être mis en valeur par de gentils modérateurs ou/et par de gentils membres de la communauté ou pas, les insultes dans le peu de commentaires que l'on reçoit disparaissent tout à coup
ça permet d'apporter de la notoriété au poisson Jeppy, même s'il a la grosse tête vu qu'il refuse de signer des autographes
Petit rappel : pour les quiz en mort subite, on perd si on clique sur la mauvaise réponse. Je répète : petit rappel : pour les quiz en mort subite, on perd si on clique sur la mauvaise réponse
ça permet de se décider de progresser au ski pour obtenir une étoile car ce n'est pas en faisant des quiz pourris comme les miens qu'on en obtient une
Si on a un peu de flair, ça permet d'apprendre le Nez Erlandais car c'est l'une des langues proposées sur JetPunk
C'est moins douloureux d'accoucher quand on crée un quiz en même temps
 
Statistiques - réponses
Réponse % Correct
ça permet d'avoir au moins 4 abonnés : ses parents, son frère et sa soeur
60%
ça permet d'aider les arbres et de les empêcher de finir en chaise percée
54%
Ça permet d’avoir zéro commentaire sur un quiz que l’on a mis 1 jour à faire, ce qui ne manque pas de flatter l’égo
54%
ça occupe quand on est condamné à 141.078 années de prison
52%
ça permet de ne pas créer plus de 10 quiz par jour quand on est en version gratuite et donc ça limite les addictions ; ce n'est pas plus mal car mon addiction à la banane est déjà suffisante
49%
Parce que
48%
Ça nous fout la honte quand on regarde le classement du jour car on n'est pas dedans vu qu'on est trop nul pour créer un quiz qui tient la route
46%
ça permet de voir d’autres quiz de façon aléatoire, ce qui fait que si on tombe sur quelqu’un qui en a déjà créé 1000, on est sûr de le revoir tous les jours. On devient donc addict et en ce qui me concerne, mon addiction à la banane augmente si les quiz sont faits par des hommes
43%
Quand on a la chance d’être mis en valeur par de gentils modérateurs ou/et par de gentils membres de la communauté ou pas, ça permet aux quiz nuls de passer de O prise à 1 par an
40%
Ça permet d’être fidèle car quand on crée un quiz en pleine rue, ça empêche de draguer et ça vaut mieux si on est déjà en trouple
38%
Ça permet d’avoir un quiz étoilé après en avoir déjà créé 50000000 si on est nul ou si on ne couche pas avec l’un des administrateurs ou avec un membre de la communauté ou pas
36%
Quand on a la chance d’être mis en valeur par de gentils modérateurs ou/et par de gentils membres de la communauté ou pas, ça permet de passer très vite de 4 abonnés à 4 abonnés
36%
Quand on a la chance d’être mis en valeur par de gentils modérateurs ou/et par de gentils membres de la communauté ou pas, les insultes dans le peu de commentaires que l'on reçoit disparaissent tout à coup
31%
ça permet de se décider de progresser au ski pour obtenir une étoile car ce n'est pas en faisant des quiz pourris comme les miens qu'on en obtient une
15%
Petit rappel : pour les quiz en mort subite, on perd si on clique sur la mauvaise réponse. Je répète : petit rappel : pour les quiz en mort subite, on perd si on clique sur la mauvaise réponse
14%
Si on a un peu de flair, ça permet d'apprendre le Nez Erlandais car c'est l'une des langues proposées sur JetPunk
11%
Aucun quiz correspondant
Distribution des résultats
% des personnes avec chaque résultat
Percentile par nombre de réponses
Votre historique - résultats
Vous n’avez pas pris ce quiz